000 00578nam a22001937a 4500
005 20240403154119.0
010 _aENG-139520
020 _c799.00
_a9789385503283
035 _aEN-123052
037 _bDBAD/PUB
082 _a808.88
100 _aSiddiqui Mohammad Shaheer
_964286
245 _aIconic Kalam:
_bAn Anthology of Thoughts & Practices/
260 _aMohan Garden
_bNew Delhi Publishers
270 _b NewDelhi
_a90, Sainik Vihar,
_e110059
300 _a180p.
_c25cm(hb)
700 _aSubhankar Ghosh
_962686
942 _2ddc
_cEN
_h808.88
_mSID
999 _c201187
_d201187